=LDR 00000nam 2200000 4500 =001 INLIS000000000008969 =005 20130612100808 =008 ***********************************Ind** =035 ##$$0010-061300000008969 =041 ##$$a Ind =082 ##$$a 647.94 =090 ##$$a 647.94, Sul m =100 ##$$a Sulastiyono, Agus =245 ##$$a Manajemen Penyelenggaraan Hotel, Agus Sulastiyono =250 ##$$a Seri Manajemen Usaha Jasa Sarana Pariwisata dan Akomodasi =260 ##$$a 2001 $b Bandung =300 ##$$a xiv, 409 hlm, ilus, 25 cm =650 ##$$a Hotel, Losmen dsb =850 ##$$a NBPNMAT